000 00403 a2200169 4500
001 192468
020 _a
040 _cMagnum
100 _aChiavenato, Idalberto
240 1 0 _aAdministração: teoria, processo e prática
_lpor
245 1 0 _aAdministração: teoria, processo e prática
300 _a381
362 0 _a1987
440 1 _aMcgraw-Hill
697 _aLITERATURA GERAL
942 _cBK
999 _c192468
_d192468